01063nam a22002297a 450000500170000000800410001702000150005804000090007304100080008208200210009010000220011124500340013326000420016730000300020936500150023952004520025465000310070665000250073765000250076265000230078770000230081020220412113707.0220412b ||||| |||| 00| 0 eng d a8170991838 cAloy aeng 223a658.15bHAQM aS M Imamul Haque aManagement of Indian railways aNew DelhibMittal Pbublicationsc1989 avii,155 p.bHBc22x14 cm. 2Management aThis book attempts an analytical study of management of Indian railways in its various aspects. After a brief survey of the history of railway management, it discusses in detail the main aspects, of the problems like regrouping, personnel management, supervision and industrial relations. It is hoped that the book will be of considerable help to graduate and post-graduate students as well as to candidates appearing in competitive examinations.  aRailwas during Plan Period aPersonnel Management aIndustrial Relations aRailway Regrouping aHAQUE (S M Imamul)